000 00743nam a2200217 a 4500
001 000045020
005 20201002045818.0
008 150129s2004 sp a 001 0 spa d
020 _a8495163896
040 _aDO-SdBNP
_bspa
_cBNPHU
245 0 3 _aEl conocimiento científico como referente político en el siglo XXI. /
_cedición César Nombela Cano.
260 _aBilbao, España, :
_bFundación BBVA,
_c2004.
300 _a497 p. :
_bil. ;
_c23 cm.
500 _aIncluye notas sobre los autores
500 _aIncluye índice alfábetico
500 _aÍndice de mapas y tablas
500 _aÍndice de gráficos
500 _aÍndice de esquemas y figuras
500 _aÍndice de cuadros
700 1 _aNombela Cano, César
_eed.
_914956
999 _c44509
_d44509